| 000 | 03183nam0a2200541 4500 | ||
|---|---|---|---|
| 001 | RU\NLR\BIBL_A\011682844 | ||
| 005 | 20180517111733.0 | ||
| 021 |
_aRU _bКН-П-18-016261 _9КН-П-18-1170 |
||
| 029 | 1 | 0 |
_aRU _b34233.7-2017 _cГОСТ |
| 035 | _a(NLR Aleph) 011682844 | ||
| 035 | _a(RuMoRGB)009559719 | ||
| 090 |
_a11296394 _c11296394 |
||
| 100 | _a20180416d2018 k y0rusy50 ca | ||
| 101 | 0 | _arus | |
| 102 | _aRU | ||
| 105 | _aa l 000|y | ||
| 200 | 1 |
_aСосуды и аппараты _iНормы и методы расчета на прочность _iТеплообменные аппараты _dVessels and apparatus. Norms and methods of strength calculation. Heat-exchangers _zeng _eГОСТ 34233.7-2017 _fразработан Межгосударственным техническим комитетом по стандартизации МТК 523 "Техника и технологии добычи и переработки нефти и газа" и др. |
|
| 205 | _aИзд. офиц. | ||
| 210 |
_aМосква _cСтандартинформ _d2018 |
||
| 215 |
_aIV, 53, [1] c. _cил. _d29 |
||
| 225 | 1 |
_aМежгосударственный стандарт _fМежгосударственный совет по стандартизации, метрологии и сертификации |
|
| 239 | _aВвед. 01.08.2018 | ||
| 313 | _aСосуды, работающие под давлением | ||
| 510 | 1 |
_aVessels and apparatus _zeng |
|
| 510 | 1 |
_aNorms and methods of strength calculation _zeng |
|
| 510 | 1 |
_aHeat-exchangers _zeng |
|
| 517 | 1 | _aГОСТ 34233.7-2017 | |
| 606 | 1 |
_aХимические заводы _jСтандарты _xТеплообменные аппараты _xРасчет на прочность _92364246 _3RU\NLR\AUTH\6601633779 |
|
| 606 | 1 |
_aСосуды, работающие под давлением _jСтандарты _xРасчет на прочность _91659463 _3RU\NLR\AUTH\661033808 |
|
| 606 | 1 |
_aТеплообменные аппараты _jСтандарты _xРасчет на прочность _92364265 _3RU\NLR\AUTH\6601633789 |
|
| 610 | 0 | _aнормы и методы расчета на прочность | |
| 610 | 0 | _aтеплообменники | |
| 610 | 0 | _aаппараты воздушного охлаждения | |
| 675 | _a66.023:006.354 | ||
| 686 |
_a71.120 _v2000 _2МКС |
||
| 686 |
_a75.200 _2МКС |
||
| 686 |
_a36 0000 _2ОКП |
||
| 686 |
_aГ02 _2классификатор |
||
| 686 | 1 | _aЛ112-51-028я861 | |
| 686 | 1 | _aЛ114.037-51-028я861 | |
| 686 | 1 | _aЗ368-028.4я861 | |
| 712 | 0 | 2 |
_4900 _aМежгосударственный технический комитет по стандартизации МТК 523 "Техника и технологии добычи и переработки нефти и газа" _9597584 _3RU\NLR\AUTH\880467807 |
| 712 | 0 | 2 |
_4725 _aМежгосударственный совет по стандартизации, метрологии и сертификации _9321571 _3RU\NLR\AUTH\8823529 |
| 942 | _cBOOK | ||
| 980 | _aNB | ||